| 000 | 01605nam a2200457 i 4500 | ||
|---|---|---|---|
| 001 | 39025 | ||
| 003 | KOSZ 005 | ||
| 005 | 20250724063752.0 | ||
| 008 | 961010s1995 pl f f |000 0 pol | ||
| 020 | _a83863359137 | ||
| 040 |
_cKOSZ 005 _aKOSZ 005 _dKOSZ 005/HR |
||
| 041 | 0 |
_apol _bger _beng |
|
| 046 | _k1995 | ||
| 080 | _a621.822 | ||
| 080 | _a621.89 | ||
| 080 | _a531.4 | ||
| 080 | _a(075.8) | ||
| 245 | 0 | 0 |
_aTeoria niekonwencjonalnego smarowania łożysk ślizgowych / _c[aut. Krzysztof Wierzcholski et al.] ; pod red. Krzysztofa Wierzcholskiego. |
| 260 |
_aSzczecin : _bWydaw. Uczelniane PS, _c1995. |
||
| 300 |
_a455 s. : _brys., wykr. ; _c24 cm. |
||
| 336 |
_2rdacontent _aTekst _btxt |
||
| 337 |
_2rdamedia _aBez urządzenia pośredniczącego _bn |
||
| 338 |
_2rdacarrier _aWolumin _bnc |
||
| 380 | _aKsiążki | ||
| 380 | _aPublikacje naukowe | ||
| 388 | _a1901-2000 | ||
| 388 | _a1989-2000 | ||
| 490 | 1 |
_aPrace Naukowe Politechniki Szczecińskiej. Katedra Techniki Cieplnej, _x0209-1151 ; _vnr 7 |
|
| 500 | _aNr serii gł.: 527. | ||
| 504 | _aBibliogr. s.409-450. | ||
| 546 | _aStreszcz. ang., niem. | ||
| 650 | 4 | _aŁożyska ślizgowe | |
| 650 | 4 | _aSmary | |
| 650 | 4 | _aTribologia | |
| 650 | 4 | _aTarcie (fizyka) | |
| 658 | _aInżynieria i technika | ||
| 700 | 1 |
_aWierzcholski, Krzysztof _d(1939- ) _eAutor |
|
| 830 | 0 |
_aPrace Naukowe Politechniki Szczecińskiej. _pKatedra Techniki Cieplnej _nnr 7 |
|
| 856 |
_uhttp://koha.tu.koszalin.pl/cgi-bin/koha/opac-detail.pl?biblionumber=39025 _yKatalog online BPK |
||
| 942 |
_cKS _2UKD |
||
| 999 |
_c39025 _d39025 |
||